Autocracy and democracy ; an experimental inquiry /

Bibliographic Details
Main Author: White, Ralph K.
Other Authors: Lippitt, Ronald
Format: Book
Language:English
Published: New York : Harper, [1960]
Edition:[1st ed.].
Subjects:

MARC

Tag First Indicator Second Indicator Subfields
LEADER 00000cam a2200000 4500
001 in00000622321
005 20151015051730.0
008 720303s1960 nyua b 00110 eng
010 |a  60010458  
035 |a (OCoLC)00255261 
035 |9 ACT8300AM 
040 |c WSU  |d TXA  |d UtOrBLW 
049 |a TXAM  |c [327275] 
050 0 0 |a HM131  |b .W45 
100 1 |a White, Ralph K. 
245 1 0 |a Autocracy and democracy ;  |b an experimental inquiry /  |c [by] Ralph K. White [and] Ronald Lippitt. 
250 |a [1st ed.]. 
264 1 |a New York :  |b Harper,  |c [1960] 
264 4 |c [©1960] 
300 |a x, 330 pages :  |b illustrations ;  |c 22 cm. 
336 |a text  |b txt  |2 rdacontent 
337 |a unmediated  |b n  |2 rdamedia 
338 |a volume  |b nc  |2 rdacarrier 
504 |a Bibliography: pages 311-324. 
650 0 |a Social groups. 
650 0 |a Democracy. 
650 0 |a Leadership. 
700 1 |a Lippitt, Ronald. 
999 |a MARS 
999 f f |s 33ad01eb-b2d3-3e33-a62c-f8bd84731391  |i c3018245-6736-37cd-9af9-f791bdbdbce5  |t 0 
952 f f |p ric  |a Texas A&M University  |b Rellis Campus  |c Joint Library Facility  |d Remote Storage  |t 0  |e HM131 .W45  |h Library of Congress classification  |i unmediated -- volume  |m A14802914333 
998 f f |a HM131 .W45  |t 0  |l Remote Storage